| 000 | 01030nam a2200277 i 4500 | ||
|---|---|---|---|
| 001 | 133831 | ||
| 003 | ES-MaACL | ||
| 005 | 20250902063106.0 | ||
| 007 | t| | ||
| 008 | 070831s1985 sp |||| | spa d | ||
| 020 | _a84-231-2755-9 | ||
| 080 | _a792.5 | ||
| 100 | 1 |
_aLópez Silva, José, _d1861-1925 _973986 |
|
| 245 | 1 | 3 |
_aLa revoltosa _b: sainete lírico en tres cuadros y en verso / _coriginal de José López Silva y Carlos Fernández Shaw ; música de Ruperto Chapi ; estudio y comentarios Xosé Aviñoa. |
| 260 |
_aMadrid : _bDaimon : _bManuel Tamayo, _c[1985] |
||
| 300 |
_a88 p. ; _c19 p. |
||
| 490 | 1 | _aIntroducción al mundo de la zarzuela | |
| 500 | _aBiblioteca Jacinto Martínez Lacalle. | ||
| 650 | 1 | 7 |
_aZarzuela _2embne _9136568 |
| 700 | 1 |
_aFernández-Shaw, Carlos, _d1865-1911 _950098 |
|
| 700 | 1 |
_aChapí, Ruperto, _d1851-1909 _938014 |
|
| 700 | 1 |
_aAviñoa, Xose. _9186839 |
|
| 830 | 0 |
_aIntroducción al mundo de la zarzuela _9186958 |
|
| 852 |
_aES-MaACL _jE-12084 |
||
| 999 |
_c133831 _d133831 |
||